000 01469cam a2200361 i 4500
001 200441696
003 TR-AnTOB
005 20260106144358.0
007 ta
008 800117s1979 xx 000 0 eng d
020 _a9221021513
040 _aGSU
_cGSU
_dTR-AnTOB
_dUtOrBLW
_beng
_erda
041 0 _aeng
043 _ae------
050 _bH
099 _a331.1444 INT 1979
110 2 _aInternational Labour Office.
_0http://id.loc.gov/authorities/names/n79086351.
_927101
245 1 0 _aGrowth, structural change, and manpower policy :
_bthe challenge of the 1980s : first item on the agenda /
_cInternational Labour Office.
264 1 _aGeneva :
_bInternational Labour Office,
_c1979.
300 _aiv, 139 pages ;
_c24 cm
336 _atext
_btxt
_2rdacontent.
337 _aunmediated
_bn
_2rdamedia.
338 _avolume
_bnc
_2rdacarrier.
500 _aAt head of title: Third European Regional Conference, Geneva, October 1979.
500 _a"Report I, Report of the Director-General."
504 _aIncludes bibliographical references.
583 1 _3copy1
_aCommitted to retain
_c20200101
_d20341231
_fMI-SPI
_uhttp://www.mcls.org/engagement/mi-spi/
_5MiEM.
650 0 _aLabor supply
_zEurope
_0http://id.loc.gov/authorities/subjects/sh2008106481
_9111664
650 0 _aManpower policy
_zEurope
_0http://id.loc.gov/authorities/subjects/sh2008107318
_923809
650 0 _aUnemployment
_zEurope
_927284
942 _2lcc
_cBK
999 _c200441696
_d59908